000 00846nas a2200277 4500
001 BR2018000816
003 BR-BrBNA
005 20231205131305.0
007 ta
008 230509b bl.|||p| |||| 00| 00por d
040 _aBR-BrBNA
_bpor
_cBiblioteca Nacional de Agricultura
041 _a(Pt)
072 _aM12
100 1 _aPontes, T.C.
100 1 _aCagol, L.
100 1 _aDutra, F.M.
100 1 _aPortz, L.
245 1 _aDisponibilidade do fósforo em alimentos de origem vegetal: atuação na nutrição de peixes
650 _aDIETA
650 _aPEIXE
650 _aFÓSFORO
650 _aAQUICULTURA
773 0 _tArquivos de Ciências Veterinárias e Zoologia da Unipar (Brazil)
_xISSN 1415-8167
_g(Jul-Sep 2015), v. 18(3) p. 199-205
_wBR2018000816
909 _a202311
_bLúcia
_c55
_dLúcia Elande
942 _2AGRIS
_n0
_cANA
999 _c254009
_d254009